Lengua y literatura 2 : Educación Secundaria : [Andalucía] : Propuesta didáctica

Salvato in:
Dettagli Bibliografici
Altri autori: Hernández, Chema , (1961- ) .
Natura: Libro
Lingua:spagnolo
Pubblicazione: Madrid : Grupo Anaya, D.L. 2003
Catalogo:MANES:  Risultati della ricerca del catalogo della biblioteca
Libro di testo Classificazione:
Serie:En tus manos
Soggetti:
Tags: Aggiungi Tag
Nessun Tag, puoi essere il primo ad aggiungerne!!
Aggiunto a:2003-11-20
Cambiato in:2025-05-07

MARC

LEADER 00000cam a2200000 i 4500
005 20250507134516.0
008 031121s2003 espa fp 000 0 spa d
020 |a 8466719261 
040 |a uned  |b spa  |c entro-manes 
245 0 0 |a Lengua y literatura 2 :   |b Educación Secundaria : [Andalucía] : Propuesta didáctica /   |c J. M. Hernández ... [et al.] 
260 |a Madrid :   |b Grupo Anaya,   |c D.L. 2003 
300 |a 333 p. :   |b il. 
490 0 |a En tus manos 
546 |a España 
561 |5 es-BUNED  |3 L.T.M. 1773  |a España. Fondo Manes UNED  |k MANES 
690 0 |a LEN 
650 7 |a Manual del docente  |9 36315 
700 1 |a Hernández, Chema ,  |d (1961- ) . 
942 |2 ddc  |c BK 
999 |c 96073  |d 96073 
999 |c manes:96073  |d 96073